| 000 | 00701nam a2200217 a 4500 | ||
|---|---|---|---|
| 005 | 20260109063944.0 | ||
| 008 | 991125s1977 es 000 0 spa u | ||
| 035 | _aUPN01000007781 | ||
| 049 | _aCG | ||
| 050 | 4 |
_aBF125 _bS5.28 |
|
| 100 | 1 |
_aSkinner, B. F. _q(Burrhus Frederic), _d1904-1990 _930021 |
|
| 245 | 1 | 0 |
_aCiencia y conducta humana / _cB. F. Skinner ; tr. Ma. Josefa Gallofré. |
| 260 |
_aBarcelona, Esp. : _bFontanella, _c1977. |
||
| 300 | _a482 p. | ||
| 440 | 0 |
_aConducta humana ; _v3 |
|
| 590 | _aBibliografía Básica (BGTQ) | ||
| 590 | _a(También localizas un ejemplar en el "Área de Reserva") | ||
| 650 | 4 |
_aCiencia _97469 |
|
| 650 | 4 |
_aConducta (Psicología) _94460 |
|
| 905 | _aLibro | ||
| 999 |
_c7781 _d7781 |
||